| Tag |
First Indicator |
Second Indicator |
Subfields |
| LEADER |
00000cam a2200000La 4500 |
| 001 |
in00001581007 |
| 005 |
20220103182335.0 |
| 006 |
m u |
| 007 |
cr cn- |
| 008 |
001008s1976 okua sb 001 0beng d |
| 010 |
|
|
|z 76013858
|
| 020 |
|
|
|a 0585145733 (electronic bk.) :
|c $18.95
|
| 020 |
|
|
|z 0806113332
|
| 020 |
|
|
|z 0806118288
|
| 035 |
|
|
|a (OCoLC)ocm44965697
|
| 040 |
|
|
|a N$T
|c N$T
|d OCL
|d UtOrBLW
|
| 049 |
|
|
|a IKMN
|
| 050 |
1 |
4 |
|a E99.A6
|b G324 1976eb
|
| 082 |
0 |
4 |
|a 970.004/97
|a B
|2 19
|
| 100 |
1 |
|
|a Debo, Angie,
|d 1890-1988.
|0 http://id.loc.gov/authorities/names/n50040435
|
| 245 |
1 |
0 |
|a Geronimo :
|b the man, his time, his place /
|c by Angie Debo.
|
| 250 |
|
|
|a 1st ed.
|
| 264 |
|
1 |
|a Norman :
|b University of Oklahoma Press,
|c [1976]
|
| 264 |
|
4 |
|c ©1976
|
| 300 |
|
|
|a xx, 480 pages :
|b illustrations ;
|c 24 cm.
|
| 336 |
|
|
|a text
|b txt
|2 rdacontent
|
| 337 |
|
|
|a computer
|b c
|2 rdamedia
|
| 338 |
|
|
|a online resource
|b cr
|2 rdacarrier
|
| 490 |
1 |
|
|a Civilization of the American Indian series ;
|v [v. 142]
|
| 500 |
|
|
|a Includes index.
|
| 504 |
|
|
|a Bibliography: pages 455-462.
|
| 533 |
|
|
|a Electronic reproduction.
|b Boulder, Colo. :
|c NetLibrary,
|d 2000.
|n Available via the World Wide Web.
|n Available in multiple electronic file formats.
|n Access may be limited to NetLibrary affiliated libraries.
|
| 500 |
|
|
|a Electronic resource.
|
| 600 |
0 |
0 |
|a Geronimo,
|d 1829-1909.
|0 http://id.loc.gov/authorities/names/n50016500
|
| 650 |
|
0 |
|a Apache Indians
|x Kings and rulers
|v Biography.
|
| 655 |
|
7 |
|a Electronic books.
|2 local
|
| 710 |
2 |
|
|a NetLibrary, Inc.
|0 http://id.loc.gov/authorities/names/no99080690
|
| 776 |
1 |
|
|c Original
|w (DLC) 76013858
|w (OCoLC)2189189
|
| 830 |
|
0 |
|a Civilization of the American Indian series ;
|v [v. 142].
|0 http://id.loc.gov/authorities/names/n42006761
|
| 856 |
4 |
1 |
|u https://proxy.library.tamu.edu/login?url=http://www.netLibrary.com/urlapi.asp?action=summary&v=1&bookid=15272
|z Connect to the full text of this electronic book
|t 0
|
| 994 |
|
|
|a 92
|b IKM
|
| 999 |
|
|
|a MARS
|
| 999 |
f |
f |
|s 59671ba2-eede-32bb-9469-e6b499fddd5f
|i 2f24df3f-76e6-34fa-ab0c-c90a175fc77b
|t 0
|
| 952 |
f |
f |
|a Texas A&M University
|b College Station
|c Electronic Resources
|d Available Online
|t 0
|e E99.A6 G324 1976eb
|h Library of Congress classification
|
| 998 |
f |
f |
|a E99.A6 G324 1976eb
|t 0
|l Available Online
|